Matemática binômio de Newton (Record no. 57646)

MARC details
000 -LÍDER
campo de controle de tamanho fixo 00349 a2200157 4500
001 - NÚMERO DE CONTROLE
campo de controle 57646
020 ## - ISBN - INTERNATIONAL STANDARD BOOK NUMBER
ISBN - International Standard Book Number
040 ## - FONTE DA CATALOGAÇÃO
Instituição que transcreveu o registro Anchieta - Pituba
100 ## - ENTRADA PRINCIPAL--NOME PESSOAL
Nome pessoal Neves, Jorge Henrique
240 10 - TÍTULO UNIFORME
Título uniforme Matemática binômio de Newton
Idioma da obra por
245 10 - TÍTULO
Título Matemática binômio de Newton
300 ## - DESCRIÇÃO FÍSICA
Extensão 48
362 0# - DATAS DE PUBLICAÇÃO E/OU DESIGNAÇÃO SEQUENCIAL
Datas de publicação e/ou designação sequencial 1999
650 #4 - ASSUNTO--TERMO TÓPICO
Cabeçalho tópico ou nome geográfico Aritmética
942 ## - ELEMENTOS DE ENTRADA ADICIONADOS (KOHA)
Tipo de material Koha Livros

No items available.